Les styles de mobiliers - Statistiques

Statistiques générales
  • Ce quiz a été pris 28 fois
  • Le résultat moyen est 13 sur 48
Statistiques - réponses
Styles de mobilier % Correct
Louis XV
100%
Louis XIV
96%
Art déco
88%
Empire
88%
Louis XVI
88%
Art nouveau
81%
Louis XIII
81%
Renaissance
77%
Second Empire
69%
Louis-Philippe
65%
Régence
65%
Directoire
62%
Rome
54%
Restauration
50%
Rococo
50%
Transition
46%
Moyen Age
31%
Bauhaus
19%
Grèce
12%
Renaissance italienne
8%
Style troubadour
8%
Art roman
4%
Arts & Crafts
4%
Style Henri II
4%
Anticute
0%
Art gothique
0%
Arts décoratifs victoriens
0%
Biedermeier
0%
Déconstructivisme
0%
Design mondialisé
0%
Design paramétrique
0%
Design postmoderne
0%
Design radical
0%
Design scandinave
0%
Deutscher Werkbund
0%
Egype
0%
Michael Thonet
0%
Mobilier assyrien
0%
Première Renaissance française
0%
Seconde Renaissance française
0%
Style 1940
0%
Style Adam
0%
Style Biedermeier : Confédération Germanique
0%
Style boomtown
0%
Style étrusque
0%
Style international
0%
Style Japandi
0%
Style paquebot
0%
Aucun quiz correspondant
Distribution des résultats
% des personnes avec chaque résultat
Percentile par nombre de réponses
Votre historique - résultats
Vous n’avez pas pris ce quiz